| 000 | 01127cam a2200349Ia 4500 | ||
|---|---|---|---|
| 001 | 78622 | ||
| 005 | 20230410132804.0 | ||
| 008 | 020821s2002 ncua abdf 000 0 eng d | ||
| 035 | _a(OCoLC)ocm50443355 | ||
| 040 |
_aPCP _cPCP _dOCLCQ _dCUY _dYDXCP |
||
| 020 | _a0887252664 | ||
| 020 | _a9780887252662 | ||
| 029 | 1 |
_aYDXCP _b1983108 |
|
| 035 | _a(OCoLC)50443355 | ||
| 050 | 1 | 4 |
_aQH 324 _bH236 2002 |
| 082 | 0 | 0 | _a574.072 |
| 049 | _aGRAL | ||
| 245 | 1 | 2 |
_aA handbook of biological investigation / _cHarrison W. Ambrose III ... [et al.]. |
| 250 | _a6th ed. | ||
| 260 |
_aWinston-Salem, N.C. : _bHunter Textbooks, _cc2002. |
||
| 300 |
_aviii, 188 p. : _bill. ; _c23 cm. |
||
| 504 | _aIncludes bibliographical references (p. 169-171). | ||
| 650 | 0 |
_aBiology _xMethodology _vHandbooks, manuals, etc. |
|
| 650 | 4 |
_aBiología _xInvestigaciones. |
|
| 650 | 4 |
_aBiología _xInvestigaciones _xMétodos. |
|
| 700 | 1 | _aAmbrose, Harrison W. | |
| 700 | 1 |
_aAmbrose, Harrison W. _tHandbook of biological investigation. |
|
| 938 |
_aYBP Library Services _bYANK _n1983108 |
||
| 942 |
_2lcc _cbk |
||
| 994 |
_aC0 _bDRFGD |
||
| 946 | _aRdC | ||
| 999 |
_c87798 _d87798 |
||